The songs of Peire Vidal : translation and commentary (Record no. 70706)

MARC details
000 -LEADER
fixed length control field 00692nam a2200229Ia 4500
008 - FIXED-LENGTH DATA ELEMENTS--GENERAL INFORMATION
fixed length control field 191130s2006##################000#0#eng##
020 ## - INTERNATIONAL STANDARD BOOK NUMBER
ISBN 0820479225
082 ## - DEWEY DECIMAL CLASSIFICATION NUMBER
Classification number 849.12 PEI
100 ## - MAIN ENTRY--AUTHOR NAME
Personal name Vidal, Peire
245 ## - TITLE STATEMENT
Title The songs of Peire Vidal : translation and commentary
Statement of responsibility, etc Veronica Fraser
250 ## - EDITION STATEMENT
Edition statement 1st ed
260 ## - PUBLICATION, DISTRIBUTION, ETC. (IMPRINT)
Place of publication New York
Name of publisher P. Lang
Year of publication 2006
300 ## - PHYSICAL DESCRIPTION
Number of Pages xii, 259 p. ; 24 cm
500 ## - GENERAL NOTE
General note Includes bibliographical references ([257]-259)
650 ## - SUBJECT ADDED ENTRY--TOPICAL TERM
Topical Term Peire Vidal, fl. 1200 - Translations into English
700 ## - ADDED ENTRY--PERSONAL NAME
Personal name Fraser, Veronica Mary
991 ## -
-- 384954
Holdings
Withdrawn status Lost status Damaged status Not for loan Home library Current library Date acquired Full call number Accession Number Price effective from Koha item type
        Anna Centenary Library Anna Centenary Library 09.10.2020 849.12 PEI 216072 09.10.2020 English Books

Find us on the map